Rebecca's mother, Patricia / (Запис № 542322)
[ простий вигляд ]
| 000 -LEADER | |
|---|---|
| fixed length control field | 01230cam a2200289Ia 4500 |
| 001 - CONTROL NUMBER | |
| control field | rebeccasmotherpa00smit |
| 003 - CONTROL NUMBER IDENTIFIER | |
| control field | CaSfIA |
| 005 - DATE AND TIME OF LATEST TRANSACTION | |
| control field | 20210118214317.0 |
| 007 - PHYSICAL DESCRIPTION FIXED FIELD--GENERAL INFORMATION | |
| fixed length control field | cr|||| |
| 008 - FIXED-LENGTH DATA ELEMENTS--GENERAL INFORMATION | |
| fixed length control field | 001114s1972 nyu 000 1 eng d |
| 040 ## - CATALOGING SOURCE | |
| Original cataloging agency | NOC |
| Transcribing agency | NOC |
| Modifying agency | OCLCQ |
| -- | CaSfIA |
| 035 ## - SYSTEM CONTROL NUMBER | |
| System control number | (OCoLC)45347474 |
| 090 ## - LOCALLY ASSIGNED LC-TYPE CALL NUMBER (OCLC); LOCAL CALL NUMBER (OCLC) | |
| Classification number (OCLC) (R) ; Classification number, CALL (RLIN) (NR) | HQ471.S84 |
| Local cutter number (OCLC) ; Book number/undivided call number, CALL (RLIN) | R4 1972 |
| 100 1# - MAIN ENTRY--PERSONAL NAME | |
| Personal name | Smith, Russell. |
| 245 10 - TITLE STATEMENT | |
| Title | Rebecca's mother, Patricia / |
| Medium | [electronic resource] |
| Statement of responsibility, etc | by Russell Smith. |
| 250 ## - EDITION STATEMENT | |
| Edition statement | 1st Venus Library ed. |
| 260 ## - PUBLICATION, DISTRIBUTION, ETC. (IMPRINT) | |
| Place of publication, distribution, etc | [New York] : |
| Name of publisher, distributor, etc | Venus Books, |
| Date of publication, distribution, etc | 1972. |
| 300 ## - PHYSICAL DESCRIPTION | |
| Extent | 192 p. ; |
| Dimensions | 18 cm. |
| 500 ## - GENERAL NOTE | |
| General note | "Venus books." |
| 500 ## - GENERAL NOTE | |
| General note | Publisher's no.: V-1167T. |
| 506 ## - RESTRICTIONS ON ACCESS NOTE | |
| Standardized terminology for access restriction | Необхідна авторизація на https://archive.org/ (створення облікового запису безкоштовно) |
| 506 ## - RESTRICTIONS ON ACCESS NOTE | |
| Standardized terminology for access restriction | Необхідна авторизація на https://openlibrary.org/ (створення облікового запису безкоштовно) |
| 830 #0 - SERIES ADDED ENTRY--UNIFORM TITLE | |
| Uniform title | Venus books. |
| 856 41 - ELECTRONIC LOCATION AND ACCESS | |
| Uniform Resource Identifier | <a href="http://www.archive.org/details/rebeccasmotherpa00smit">http://www.archive.org/details/rebeccasmotherpa00smit</a> |
| Public note | Free eBook from the Internet Archive |
| 856 42 - ELECTRONIC LOCATION AND ACCESS | |
| Uniform Resource Identifier | <a href="http://www.openlibrary.org/books/OL24274637M">http://www.openlibrary.org/books/OL24274637M</a> |
| Public note | Additional information and access via Open Library |
| 942 ## - ADDED ENTRY ELEMENTS (KOHA) | |
| Koha item type | ЕКнига |
Немає доступних примірників.